| 000 | 01403cam a22001934a 4500 | ||
|---|---|---|---|
| 005 | 20250605164106.0 | ||
| 008 | 250528s ||||||||||||||||||||||||d | ||
| 035 | _a17748 | ||
| 020 | _a9789602187708 | ||
| 040 |
_aGR-AtMCL _bgre _dGR-AtMCL _eAACR2 |
||
| 245 | 1 | _aΓλώσσα / Κείμενο, Ποικιλία, Σύστημα | |
| 260 |
_bΚριτική, _c2012 |
||
| 300 | _a416 | ||
| 520 | _aΤο βιβλίο αυτό φιλοδοξεί να αποτελέσει μια πρωτότυπη εισαγωγή στη μελέτη της γλώσσας, επιχειρώντας να προσανατολίσει τον αμύητο αναγνώστη στους κλάδους της σύγχρονης γλωσσολογίας. Πρόλογος, Βασικές Ιδιότητες και Χαρακτηριστικά της Ανθρώπινης Γλώσσας, Η Γλώσσα ως Πράξη, Η Γλώσσα ως Κείμενο, Η Γλώσσα ως Ποικιλία, Η Γλώσσα ως Σύστημα, Γραμματική Ανάλυση, Γλώσσα και Σημασία, Η Πραγμάτωση της Γλώσσας, Η Εξέλιξη της Γλώσσας, Ο Ρόλος της Γλωσσολογίας, Βιβλιογραφία, Γλωσσάρι Βασικών Εννοιών. | ||
| 700 | 1 |
_aΓούτσος Διονύσης _93951 |
|
| 942 | _cBK | ||
| 999 |
_c3149 _d3149 |
||